000
00425nam a2200145Ia 4500
008
100122s9999 xx 000 0 und d
082
_b
42723
_a
823.08
100
_a
बनहट्टी राजेंद्र
245
_a
लांडगा
260
_b
श्री विशाखा प्रकाशन
_c
1989
300
_a
199
630
_a
लांडगा
730
_a
लांडगा
942
_c
BOOK
999
_c
423042
_d
423039